Nomi dei calciatori - Quiz n°4 - Statistics

Statistiche generali
  • Questo quiz è stato fatto 158 volte
  • Il punteggio medio è 8 su 10
Statistiche sulle risposte
Hint Risposta % Corretto
Sensi Stefano
94%
Cragno Alessio
92%
Škriniar Milan
90%
Sneijder Wesley
86%
Hateboer Hans
80%
Acuña Marcos
80%
Nakamura Shunsuke
74%
Belfodil Ishak
69%
Fofana Seko
53%
Čeryšev Denis
51%
Nessun quiz corrispondente trovato
Distribuzione punteggi
Percentuale di utenti per punteggio
Percentile per numero di risposta
I tuoi punteggi nel tempo
Non hai fatto questo quiz